Estudios prácticos sobre contratación local / Jaime Sánchez Isac
ISBN:
84-7398-753-5
Descripción Física:
460 p. ; 20 cm
Colección:
Formularios y manuales prácticos
Materias:
Contractes administratius -- Espanya
MARC
| LEADER | 00000nam a2200000Ia 4500 | ||
|---|---|---|---|
| 001 | 18382 | ||
| 008 | 160829s1990 xx 000 0 cat d | ||
| 020 | |a 84-7398-753-5 | ||
| 080 | |a M-5-320 | ||
| 100 | 1 | |a Sánchez Isac, Jaime |9 85 | |
| 245 | |a Estudios prácticos sobre contratación local / Jaime Sánchez Isac | ||
| 250 | |a 2a ed. | ||
| 260 | |a Madrid : |b Civitas, |c 1990 | ||
| 300 | |a 460 p. ; |c 20 cm | ||
| 490 | |a Formularios y manuales prácticos | ||
| 650 | |a Contractes administratius |x Espanya |9 23438 | ||
| 901 | |a Arxiu | ||
| 942 | |n 1 | ||
| 952 | |0 0 |1 0 |4 0 |6 M5320 |7 1 |9 48085 |a Arxiu |b Arxiu |d 2016-12-01 |l 0 |o M-5-320 |p 18382 |r 2016-12-01 00:00:00 |w 2016-12-01 |y ARXIU | ||
| 999 | |c 51888 |d 51888 | ||